Coordenadas para reformar la radio y la televisión (Record no. 113301)
[ view plain ]
| 000 -CABECERA | |
|---|---|
| campo de control de longitud fija | 00546nab a2200205 a 4500 |
| 005 - FECHA Y HORA DE LA ÚLTIMA TRANSACCIÓN | |
| campo de control | 20210223125741.0 |
| 008 - ELEMENTOS DE LONGITUD FIJA--INFORMACIÓN GENERAL | |
| campo de control de longitud fija | 991125s1985 mx 000 0 spa u |
| 035 ## - NÚMERO DE CONTROL DEL SISTEMA | |
| Número de control de sistema | UPN01000141154 |
| 100 1# - ASIENTO PRINCIPAL--NOMBRE PERSONAL | |
| Nombre de persona | Esteinou Madrid, Francisco Javier |
| 9 (RLIN) | 38693 |
| 222 #0 - TÍTULO CLAVE | |
| Título clave | ETCETERA |
| 245 00 - MENCIÓN DE TÍTULO | |
| Título | Coordenadas para reformar la radio y la televisión |
| 260 ## - PUBLICACIÓN, DISTRIBUCIÓN, ETC. | |
| Lugar de publicación, distribución, etc. | México |
| 300 ## - DESCRIPCIÓN FÍSICA | |
| Extensión | 54-63 |
| 362 0# - FECHAS DE PUBLICACIÓN Y/O DESIGNACIÓN SECUENCIAL | |
| Fecha de publicación y/o designación secuencial | 2001 No. 14, dic. |
| 653 0# - TERMINO DE INDIZACION - NO CONTROLADO | |
| Término no controlado | COMUNICACION SOCIAL |
| 653 0# - TERMINO DE INDIZACION - NO CONTROLADO | |
| Término no controlado | MEDIOS ELECTRONICOS |
| 653 0# - TERMINO DE INDIZACION - NO CONTROLADO | |
| Término no controlado | RADIO |
| 653 0# - TERMINO DE INDIZACION - NO CONTROLADO | |
| Término no controlado | TELEVISION |
| 905 ## - TIPO DE MATERIAL | |
| Tipo de material | Articulo |
No items available.
